Rawhide 'em Words Quiz Stats

 Plays Quiz Updated Mar 12, 2020

Support Sporcle.
Go Orange.
Score 0/6 Timer 01:00
0 Plays Today
% Correct
Ride 'em in
74.5%
Move 'em out
67.4%
Head 'em up
44.9%
Cut 'em out
32.1%
Brand 'em
22.2%
Understand 'em
15.5%

You're not logged in!

Compare scores with friends on all Sporcle quizzes.
OR
Log In

From the Vault

Criteria MLB Teams

by Rayluxuryacht

Baseball players who get three strikes deserve a shout out.
Remove Ads.
Support Sporcle.
Get the best of Sporcle when you Go Orange. This ad-free experience offers more features, more stats, and more fun while also helping to support Sporcle. Thank you for becoming a member.

Show Comments

Extras

Top Quizzes Today


Score Distribution

Your Account Isn't Verified!

In order to create a playlist on Sporcle, you need to verify the email address you used during registration. Go to your Sporcle Settings to finish the process.

Report this User

Report this user for behavior that violates our Community Guidelines.

Details: